The French in America

Enregistré dans:
Détails bibliographiques
Format: Livre
Langue:Undetermined
Publié: Minnesota Lerner 1967
Sujets:
Tags: Ajouter un tag
Pas de tags, Soyez le premier à ajouter un tag!
Thư viện lưu trữ: Trung tâm Học liệu Trường Đại học Cần Thơ
LEADER 00400nam a2200157Ia 4500
001 CTU_26904
008 210402s9999 xx 000 0 und d
082 |a 973.002 
082 |b I.35f 
245 4 |a The French in America 
260 |a Minnesota 
260 |b Lerner 
260 |c 1967 
650 |a french americans 
904 |i Minh, 981021 
980 |a Trung tâm Học liệu Trường Đại học Cần Thơ